Compañía de Acero y Maquinaria ´La Consolidada´. (Record no. 5486)
[ view plain ]
| 000 -CABECERA | |
|---|---|
| campo de control de longitud fija | 00555nam a2200205 a 4500 |
| 001 - NÚMERO DE CONTROL | |
| campo de control | BRCA_5797 |
| 005 - FECHA Y HORA DE LA ÚLTIMA TRANSACCIÓN | |
| campo de control | 20190320205222.0 |
| 008 - DATOS DE LONGITUD FIJA--INFORMACIÓN GENERAL | |
| campo de control de longitud fija | 100311s1942----mx-######g---f000-0#spa-# |
| 041 ## - CÓDIGO DE LENGUA | |
| Código de lengua del texto/banda sonora o título independiente | spa |
| 044 ## - CÓDIGO DEL PAÍS DE LA ENTIDAD EDITORA/PRODUCTORA | |
| Código MARC del país | mx |
| 050 #4 - SIGNATURA TOPOGRÁFICA DE LA BIBLIOTECA DEL CONGRESO | |
| Número de clasificación | TS330 |
| Número de documento/Ítem | .C66 |
| -- | 1942 |
| 245 10 - MENCIÓN DE TÍTULO | |
| Título | Compañía de Acero y Maquinaria ´La Consolidada´. |
| Resto del título | Escritura Constitutiva |
| 260 ## - PUBLICACIÓN, DISTRIBUCIÓN, ETC. | |
| Lugar de publicación, distribución, etc. | México |
| Fecha de publicación, distribución, etc. | 1942 |
| 300 ## - DESCRIPCIÓN FÍSICA | |
| Extensión | 34 p. |
| Dimensiones | 34 cm. |
| 500 ## - NOTA GENERAL | |
| Nota general | Escritura Constitutiva. ´La Consolidada´ |
| 500 ## - NOTA GENERAL | |
| Nota general | H84 |
| 650 14 - PUNTO DE ACCESO ADICIONAL DE MATERIA--TÉRMINO DE MATERIA | |
| Término de materia o nombre geográfico como elemento de entrada | Industria Acerera |
| Subdivisión geográfica | México |
| 9 (RLIN) | 14696 |
| 902 ## - CATALOGADOR | |
| Iniciales | GFM |
| 942 ## - ELEMENTOS DE PUNTO DE ACCESO ADICIONAL (KOHA) | |
| Fuente del sistema de clasificación o colocación | Library of Congress Classification |
| Tipo de ítem Koha | Libros |
| Estado de retiro | Estado de pérdida | Estado dañado | No para préstamo | Localización permanente | Ubicación/localización actual | Fecha de adquisición | Número de inventario | Total de préstamos | Signatura topográfica completa | Código de barras | Fecha visto por última vez | Precio válido a partir de | Tipo de ítem Koha |
|---|---|---|---|---|---|---|---|---|---|---|---|---|---|
| El ejemplar forma parte de la colección y puede ser consultado según las políticas vigentes. | Biblioteca del Museo Franz Mayer (Rogerio Casas-Alatriste) | Biblioteca del Museo Franz Mayer (Rogerio Casas-Alatriste) | 10/03/2011 | H84 | TS330 .C66 1942 (H84) | 6236 | 22/03/2019 | 22/03/2019 | Libros |